| 000 | 00000nam 2200000zi 4500 |
| 001 | 9.950317 |
| 003 | CaOODSP |
| 005 | 20250702120135 |
| 006 | m o d f |
| 007 | cr |n||||||||| |
| 008 | 250422e196505##qucad obt f000 0 eng d |
| 040 | |aCaOODSP|beng|erda|cCaOODSP |
| 043 | |an-cn--- |
| 086 | 1 |aDR52-22/1-1965E-PDF |
| 100 | 1 |aDuchesne, G. L., |eauthor. |
| 245 | 10|aPropellant web variations of Black Brant III rocket engines / |cby G. Duchesne, B.J. Holsgrove, W.B. Peacock. |
| 264 | 1|aValcartier, Que. : |bCanadian Armament Research and Development Establishment, |cMay 1965. |
| 300 | |a1 online resource (ii, 35, [1] pages) : |billustrations, charts |
| 336 | |atext|btxt|2rdacontent |
| 337 | |acomputer|bc|2rdamedia |
| 338 | |aonline resource|bcr|2rdacarrier |
| 490 | 1 |aCARDE technical report ; |v454 |
| 500 | |a"Project D46-02-10-B12." |
| 500 | |aDigitized edition from print [produced by Defence Research and Development Canada]. |
| 504 | |aIncludes bibliographical references (page 6). |
| 520 | 3 |a"The reported studies are directly associated with CARDE Technical Memorandum 699/62 "Performance Data From Static Firings of 9KS11000 Rocket Engines" (1). They attempt to describe some of the factors responsible for the uncertain ballistic performance of the Black Brant III rocket motor. The present results illustrate that the ballistic potential of the motor is considerably more uniform than previously reported, for many of the inconsistencies are now attributable to the relatively poor dimensional quality of the hardware and casting tools."--Abstract (page i). |
| 650 | 0|aBlack Brant sounding rockets|xDesign and construction. |
| 650 | 0|aSounding rockets|xTesting. |
| 650 | 4|aFusées-sondes Black Brant|xConception et construction. |
| 650 | 6|aFusées-sondes|xEssais. |
| 655 | 7|aTechnical reports|2lcgft |
| 655 | 7|aRapports techniques|2rvmgf |
| 710 | 2 |aCanadian Armament Research and Development Establishment, |eissuing body. |
| 710 | 1 |aCanada. |bDefence Research Board, |eissuing body. |
| 830 | #0|aCARDE technical report ;|v454.|w(CaOODSP)9.943429 |
| 856 | 40|qPDF|s1.40 MB|uhttps://publications.gc.ca/collections/collection_2025/rddc-drdc/DR52-22-1-1965-eng.pdf |